| 000 | 00795nam a22002777a 4500 | ||
|---|---|---|---|
| 003 | CHAP | ||
| 005 | 20220817041627.0 | ||
| 008 | 971013s1950 r 00010 d | ||
| 010 | _a20133 | ||
| 011 | _a21105 | ||
| 035 | _a25194 | ||
| 040 | _cCHAP | ||
| 082 |
_a636.5 _bA7 1950 |
||
| 100 | 0 | 0 |
_aAragón Leiva, Pablo. _96438 |
| 245 | _aCartilla de avicultura | ||
| 260 |
_aMéxico, D.F. ; Trucco, _c1950 |
||
| 300 |
_a770 p. _b: ilus |
||
| 590 |
_aBATCH-UPD _b10 _c20130110 _lUCH01 _h2030 |
||
| 590 |
_aBATCH-UPD _b10 _c20130410 _lUCH01 _h1347 |
||
| 590 |
_aBATCH-UPD _b10 _c20130926 _lUCH01 _h1356 |
||
| 590 |
_aCONVERSION _b10 _c20130109 _lUCH01 _h1312 |
||
| 650 | 1 | 4 | _aAvicultura. |
| 901 | _aBK | ||
| 942 | _cLIBRO | ||
| 949 |
_a636.5 A7 1950 _bBC _cLIBRO _d33724000101549 _eLIBRO _h72962 _i25194 _si |
||
| 999 |
_c20133 _d20133 |
||